Guess The Fortnite Logos - Statistics

General Stats
  • This quiz has been taken 17 times
  • The average score is 6 of 24
Answer Stats
Picture Answer % Correct
Ghost
93%
Shadow
93%
The Seven
67%
The Imagined Order
47%
Eclipse
40%
Last Reality
33%
No Sweat Insurance
27%
The Society
27%
The Underground
27%
Fox Clan
20%
Alpha
13%
Oathbound
13%
The Elites
13%
Demon Warriors
7%
Most Wanted
7%
Spire Cult
7%
The Explorers
7%
The Ice Kingdom
7%
The Luminaries
7%
The Pantheon
7%
The Resistance
7%
The Unseen
7%
Outlaw Faction
0%
War Effect
0%
No matching quizzes found
Score Distribution
Percent of People with Each Score
Percentile by Number Answered
Your Score History
You have not taken this quiz